| 000 | 00537nam a2200169 a 4500 | ||
|---|---|---|---|
| 001 | 000030103 | ||
| 005 | 20200930060039.0 | ||
| 008 | 110429s2000 dr 000 0 spa d | ||
| 040 |
_aDO-SdBNP _bspa _cBNPHU |
||
| 082 |
_axxx _bM375c |
||
| 100 | 1 |
_aMarte, Pedro Pablo _956799 |
|
| 245 | 1 | 0 |
_aMaestros cuentos d' maestros / _cPedro Pablo Marte. |
| 260 |
_aSantiago, República Dominicana _fImpresos F y M _c2000. |
||
| 300 |
_a65 p. ; _c22 cm. |
||
| 500 | _aIncluye datos biográficos del autor en la solapa de la cubierta | ||
| 049 | _aBNPD | ||
| 999 |
_c29595 _d29595 |
||